Troll images - Statistiques

Statistiques générales
  • Ce quiz a été pris 4 fois
  • Le résultat moyen est 10 sur 20
Statistiques - réponses
Par images Réponse % Correct
Super Abotun World
100%
Super Wagon World
100%
[7MMC] I'm a Goofy Goomber
67%
Geek's Yeenis
67%
Lost in the Woods [Troll]
67%
Mario turns himself into a pickle
67%
Mario turns into a cucumber
67%
Please Just Do Better
67%
Trollwitz: FAIL to Succeed
67%
[BWT] Mario commits key die.
33%
carl's trash can
33%
Emoletional Trollercoaster
33%
House of Spooks 3
33%
LoZ:Twoll-light Princess [Troll]
33%
My first troll level [NOT GARBO]
33%
The Illusion of Choiche
33%
The Spa-fish Inquisition
33%
Trolljà vu
33%
carl Goes to Loss Vegas, Norvada
0%
"This course has been deleted..."
0%
Aucun quiz correspondant
Distribution des résultats
% des personnes avec chaque résultat
Percentile par nombre de réponses
Votre historique - résultats
Vous n’avez pas pris ce quiz